[Event "MNT-chT"]
[Site "Herceg Novi"]
[Date "2025.05.03"]
[Round "3.25"]
[White "Vesovic, Nebojsa"]
[Black "Radovanovic, Nikola"]
[Result "0-1"]
[WhiteElo "1812"]
[BlackElo "2432"]
[PlyCount "68"]
[EventDate "2025.05.01"]
[EventType "team-tourn"]
[EventRounds "9"]
[EventCountry "MNE"]
[SourceTitle "CB20_2025"]
[SourceDate "2025.05.14"]
[SourceVersion "1"]
[SourceVersionDate "2025.05.14"]
[SourceQuality "1"]
[WhiteTeam "Prosvjeta"]
[BlackTeam "Dama"]
[WhiteTeamCountry "MNE"]
[BlackTeamCountry "MNE"]

1. d4 Nf6 2. c4 g6 3. Nc3 Bg7 4. e4 d6 5. Be2 0-0 6. Nf3 Nbd7 7. 0-0 e5 8. dxe5 dxe5 9. Qc2 c6 10. Rd1 Qe7 11. h3 Nh5 12. a3 Nc5 13. Be3 Ne6 14. c5 Nhf4 15. Bf1 Qf6 16. Rd6 Nxh3+ 17. Kh2 Nhf4 18. Rad1 Re8 19. g3 Nh5 20. Be2 Bf8 21. R6d2 Bxc5 22. Bxc5 Nxc5 23. Kg2 Bg4 24. Rd6 Ne6 25. R1d2 Nhg7 26. Na4 Bxf3+ 27. Bxf3 Rad8 28. Qd1 Rxd6 29. Rxd6 Rd8 30. Rxd8+ Qxd8 31. Qb3 b5 32. Nc3 Nd4 33. Qb4 Nge6 34. Bd1 a5 0-1

[Event "MNT-chT"]
[Site "Herceg Novi"]
[Date "2025.05.01"]
[Round "1.19"]
[White "Stankovic, Milos"]
[Black "Radovanovic, Nikola"]
[Result "1/2-1/2"]
[WhiteElo "2439"]
[BlackElo "2432"]
[PlyCount "35"]
[EventDate "2025.05.01"]
[EventType "team-tourn"]
[EventRounds "9"]
[EventCountry "MNE"]
[SourceTitle "CB20_2025"]
[SourceDate "2025.05.14"]
[SourceVersion "1"]
[SourceVersionDate "2025.05.14"]
[SourceQuality "1"]
[WhiteTeam "Mimoza"]
[BlackTeam "Dama"]
[WhiteTeamCountry "MNE"]
[BlackTeamCountry "MNE"]

1. d4 Nf6 2. Bg5 e6 3. e4 h6 4. Bxf6 Qxf6 5. Nc3 Bb4 6. Qd2 d6 7. a3 Ba5 8. f4 g5 9. Nge2 gxf4 10. Nxf4 Bb6 11. d5 e5 12. Nh5 Qh4+ 13. Ng3 Rg8 14. 0-0-0 Qf4 15. Kb1 Qxd2 16. Rxd2 Nd7 17. Be2 Nf6 18. Rf1 1/2-1/2

[Event "EU-ch 24th"]
[Site "Petrovac"]
[Date "2024.11.19"]
[Round "11"]
[White "Jobava, Baadur"]
[Black "Radovanovic, Nikola"]
[Result "1-0"]
[WhiteElo "2587"]
[BlackElo "2443"]
[PlyCount "43"]
[EventDate "2024.11.08"]
[EventType "swiss"]
[EventRounds "11"]
[EventCountry "MNE"]
[SourceTitle "CB47_2024"]
[SourceDate "2024.11.20"]
[SourceVersion "1"]
[SourceVersionDate "2024.11.20"]
[SourceQuality "1"]

1. d4 Nf6 2. Nc3 d5 3. Bf4 g6 4. Qd2 Bg7 5. Bh6 0-0 6. Bxg7 Kxg7 7. e3 c5 8. h3 Nc6 9. g4 cxd4 10. exd4 Qb6 11. 0-0-0 e5 12. Nge2 Be6 13. Bg2 Rac8 14. dxe5 Ne4 15. Bxe4 dxe4 16. Qg5 Qa5 17. Nf4 Bxa2 18. Nh5+ Kg8 19. Qh6 gxh5 20. gxh5 Qxe5 21. f4 exf3 22. Rhe1 1-0

[Event "SRB-chT Central"]
[Site "Novi Pazar"]
[Date "2024.10.16"]
[Round "8.1"]
[White "Radovanovic, Nikola"]
[Black "Vucinic, Gojko"]
[Result "1/2-1/2"]
[WhiteElo "2440"]
[BlackElo "2366"]
[PlyCount "43"]
[EventDate "2024.10.10"]
[EventType "team-tourn"]
[EventRounds "11"]
[EventCountry "SRB"]
[SourceTitle "CB43_2024"]
[Source "Chessbase"]
[SourceDate "2024.10.23"]
[SourceVersion "1"]
[SourceVersionDate "2024.10.23"]
[SourceQuality "1"]
[WhiteTeam "Kragujevac Radnicki"]
[BlackTeam "Ivanjica"]
[WhiteTeamCountry "SRB"]
[BlackTeamCountry "SRB"]

1. e4 c5 2. Nf3 d6 3. d4 cxd4 4. Nxd4 Nf6 5. Bd3 Nc6 6. Nxc6 bxc6 7. 0-0 g6 8. b3 Bg7 9. Bb2 0-0 10. Nc3 d5 11. Re1 Nxe4 12. Bxe4 dxe4 13. Rxe4 Bf5 14. Rc4 Bxc3 15. Rxc3 Qxd1+ 16. Rxd1 Rfd8 17. Re1 Rd2 18. Rxc6 Rc8 19. Rxc8+ Bxc8 20. Ba3 e5 21. f3 f6 22. Rc1 1/2-1/2

[Event "SRB-chT Central"]
[Site "Novi Pazar"]
[Date "2024.10.14"]
[Round "6.1"]
[White "Radovanovic, Nikola"]
[Black "Zlatkov, Anton"]
[Result "1-0"]
[WhiteElo "2440"]
[BlackElo "2323"]
[PlyCount "61"]
[EventDate "2024.10.10"]
[EventType "team-tourn"]
[EventRounds "11"]
[EventCountry "SRB"]
[SourceTitle "CB43_2024"]
[Source "Chessbase"]
[SourceDate "2024.10.23"]
[SourceVersion "1"]
[SourceVersionDate "2024.10.23"]
[SourceQuality "1"]
[WhiteTeam "Kragujevac Radnicki"]
[BlackTeam "Nis Nais"]
[WhiteTeamCountry "SRB"]
[BlackTeamCountry "SRB"]

1. e4 c5 2. Nf3 e6 3. d4 cxd4 4. Nxd4 Nf6 5. Nc3 Nc6 6. a3 Be7 7. Nxc6 bxc6 8. e5 Nd5 9. Qg4 Kf8 10. Qg3 d6 11. exd6 Bxd6 12. Qd3 f5 13. Bd2 Rb8 14. Na4 Qc7 15. 0-0-0 e5 16. f3 Kf7 17. g4 fxg4 18. Be2 Re8 19. Qxh7 Nf6 20. Qh4 gxf3 21. Bxf3 Be6 22. Rhg1 Rh8 23. Qg5 Kf8 24. Ba5 Qe7 25. Rxd6 Rxh2 26. Rd2 Rh3 27. Rf2 e4 28. Bxe4 Rb5 29. Bb4 Rxg5 30. Rxg5 Ke8 31. Bg6+ 1-0

[Event "SRB-chT Central"]
[Site "Novi Pazar"]
[Date "2024.10.13"]
[Round "4.1"]
[White "Radovanovic, Nikola"]
[Black "Ilincic, Zlatko"]
[Result "1/2-1/2"]
[WhiteElo "2440"]
[BlackElo "2270"]
[PlyCount "69"]
[EventDate "2024.10.10"]
[EventType "team-tourn"]
[EventRounds "11"]
[EventCountry "SRB"]
[SourceTitle "CB43_2024"]
[Source "Chessbase"]
[SourceDate "2024.10.23"]
[SourceVersion "1"]
[SourceVersionDate "2024.10.23"]
[SourceQuality "1"]
[WhiteTeam "Kragujevac Radnicki"]
[BlackTeam "Gornji Milanovac"]
[WhiteTeamCountry "SRB"]
[BlackTeamCountry "SRB"]

1. e4 c5 2. Nf3 g6 3. d4 cxd4 4. Nxd4 Bg7 5. c4 Nc6 6. Be3 Nf6 7. Nc3 Ng4 8. Qxg4 Nxd4 9. Qd1 Ne6 10. Rc1 Qa5 11. Bd3 Bxc3+ 12. Rxc3 Qxa2 13. Qd2 Qa5 14. 0-0 d6 15. f4 f6 16. Bc2 Qb4 17. e5 dxe5 18. fxe5 fxe5 19. Qd5 Rf8 20. Rxf8+ Kxf8 21. Qxe5 Kg8 22. c5 Qh4 23. h3 a5 24. Bb3 Qf6 25. Qd5 a4 26. Bd4 Qf5 27. Qd8+ Qf8 28. Bxe6+ Bxe6 29. Qc7 Rd8 30. Rf3 Bf5 31. Bc3 Rd3 32. Rxd3 Bxd3 33. Qe5 Qf1+ 34. Kh2 Kf7 35. Qd5+ 1/2-1/2

[Event "SRB-chT Central"]
[Site "Novi Pazar"]
[Date "2024.10.13"]
[Round "5.1"]
[White "Vukic, Milan"]
[Black "Radovanovic, Nikola"]
[Result "0-1"]
[WhiteElo "2337"]
[BlackElo "2440"]
[PlyCount "52"]
[EventDate "2024.10.10"]
[EventType "team-tourn"]
[EventRounds "11"]
[EventCountry "SRB"]
[SourceTitle "CB43_2024"]
[Source "Chessbase"]
[SourceDate "2024.10.23"]
[SourceVersion "1"]
[SourceVersionDate "2024.10.23"]
[SourceQuality "1"]
[WhiteTeam "Kraljevo Sloga"]
[BlackTeam "Kragujevac Radnicki"]
[WhiteTeamCountry "SRB"]
[BlackTeamCountry "SRB"]

1. Nf3 e6 2. g3 f5 3. Bg2 Nf6 4. 0-0 d5 5. d4 Be7 6. c4 Ne4 7. b3 Nc6 8. e3 h5 9. Ba3 Bf6 10. cxd5 exd5 11. Qc2 h4 12. Nc3 hxg3 13. hxg3 Be6 14. Na4 g5 15. Nc5 Nxc5 16. Bxc5 Qd7 17. Rfc1 g4 18. Nd2 Rh6 19. Nf1 0-0-0 20. f4 gxf3 21. Bxf3 Rdh8 22. b4 Kb8 23. b5 Na5 24. Qa4 b6 25. Bb4 Nc4 26. Be1 f4 0-1

[Event "SRB-chT Central"]
[Site "Novi Pazar"]
[Date "2024.10.11"]
[Round "2.1"]
[White "Radovanovic, Nikola"]
[Black "Atalik, Suat"]
[Result "1/2-1/2"]
[WhiteElo "2440"]
[BlackElo "2412"]
[PlyCount "21"]
[EventDate "2024.10.10"]
[EventType "team-tourn"]
[EventRounds "11"]
[EventCountry "SRB"]
[SourceTitle "CB43_2024"]
[Source "Chessbase"]
[SourceDate "2024.10.23"]
[SourceVersion "1"]
[SourceVersionDate "2024.10.23"]
[SourceQuality "1"]
[WhiteTeam "Kragujevac Radnicki"]
[BlackTeam "Paracin"]
[WhiteTeamCountry "SRB"]
[BlackTeamCountry "SRB"]

1. e4 c5 2. Nf3 Nc6 3. d4 cxd4 4. Nxd4 e6 5. Nc3 Nf6 6. Ndb5 d6 7. Bf4 e5 8. Bg5 a6 9. Na3 b5 10. Nab1 Ne7 11. Bxf6 1/2-1/2

[Event "BIH-chT 22nd"]
[Site "Neum"]
[Date "2024.09.05"]
[Round "6.1"]
[White "Radovanovic, Nikola"]
[Black "Kovacevic, Aleksandar"]
[Result "1-0"]
[WhiteElo "2434"]
[BlackElo "2479"]
[PlyCount "61"]
[EventDate "2024.09.01"]
[EventType "team-tourn"]
[EventRounds "9"]
[EventCountry "BIH"]
[SourceTitle "EXT 2025"]
[Source "ChessBase"]
[SourceDate "2024.10.14"]
[SourceVersion "1"]
[SourceVersionDate "2024.10.14"]
[SourceQuality "1"]

1. e4 c5 2. Nf3 d6 3. d4 cxd4 4. Nxd4 Nf6 5. Nc3 a6 6. Bc4 e6 7. a4 Nc6 8. 0-0 Be7 9. Be3 Bd7 10. f4 0-0 11. Kh1 Qc7 12. Qe2 Na5 13. Ba2 Rac8 14. Rae1 Nc4 15. Bc1 Qa5 16. e5 Ne8 17. Rd1 dxe5 18. fxe5 Nxe5 19. Nb3 Qc7 20. Bf4 f6 21. Nd4 Qb6 22. Nf5 Bd6 23. Ne4 Rc6 24. Nexd6 Rxd6 25. Nxd6 Nxd6 26. Bxe5 fxe5 27. Rxf8+ Kxf8 28. Qxe5 Nf7 29. Rf1 h6 30. Qh5 Be8 31. Qg6 1-0

[Event "BIH-chT 22nd"]
[Site "Neum"]
[Date "2024.09.02"]
[Round "2.1"]
[White "Maksimovic, Bojan"]
[Black "Radovanovic, Nikola"]
[Result "1-0"]
[WhiteElo "2503"]
[BlackElo "2434"]
[PlyCount "113"]
[EventDate "2024.09.01"]
[EventType "team-tourn"]
[EventRounds "9"]
[EventCountry "BIH"]
[SourceTitle "EXT 2025"]
[Source "ChessBase"]
[SourceDate "2024.10.14"]
[SourceVersion "1"]
[SourceVersionDate "2024.10.14"]
[SourceQuality "1"]

1. e4 e5 2. Nf3 Nc6 3. Bb5 a6 4. Ba4 Nf6 5. d3 d6 6. c3 Bd7 7. 0-0 g6 8. Nbd2 Bg7 9. Re1 0-0 10. Nf1 b5 11. Bc2 h6 12. Ng3 Re8 13. h3 d5 14. exd5 Nxd5 15. Ne4 Qe7 16. d4 exd4 17. cxd4 Bf5 18. Bb3 Bxe4 19. Bxd5 Bxf3 20. Rxe7 Bxd1 21. Bxf7+ Kf8 22. Rxe8+ Rxe8 23. Bxe8 Kxe8 24. Bxh6 Bxh6 25. Rxd1 Kd7 26. h4 Kd6 27. Rd3 Bg7 28. Rg3 Ne7 29. h5 Bxd4 30. Rd3 c5 31. h6 g5 32. h7 Ng6 33. Ra3 Ke7 34. Rxa6 Kf7 35. Ra7+ Kf6 36. b3 b4 37. Rc7 g4 38. g3 Nh8 39. Kf1 Kg6 40. Ke2 Nf7 41. Ke1 Nh8 42. Kf1 Kh6 43. Ke2 Ng6 44. f4 Nh8 45. Kd3 Bf2 46. Ke4 Bxg3 47. Kf5 Bf2 48. Kxg4 Kg6 49. f5+ Kf6 50. Kf4 Bd4 51. Ke4 Kg5 52. Rc6 Kg4 53. Kd5 Kxf5 54. Rxc5 Bxc5 55. Kxc5 Kg6 56. Kxb4 Kxh7 57. a4 1-0

[Event "Paracin op-A 17th"]
[Site "Paracin"]
[Date "2024.07.08"]
[Round "6"]
[White "Radovanovic, Nikola"]
[Black "Antal, Gergely"]
[Result "1/2-1/2"]
[WhiteElo "2438"]
[BlackElo "2559"]
[PlyCount "35"]
[EventDate "2024.07.03"]
[EventType "swiss"]
[EventRounds "9"]
[EventCountry "SRB"]
[SourceTitle "CBM 221 Extra"]
[Source "ChessBase"]
[SourceDate "2024.09.30"]
[SourceVersion "1"]
[SourceVersionDate "2024.09.30"]
[SourceQuality "1"]

1. e4 c6 2. d4 d5 3. e5 Bf5 4. Nf3 e6 5. Be2 a6 6. 0-0 Bg6 7. a4 c5 8. c3 Nc6 9. dxc5 Bxc5 10. b4 Bb6 11. b5 axb5 12. Bxb5 Nge7 13. Ba3 0-0 14. Nbd2 Rc8 15. c4 Nd4 16. Rc1 Nxf3+ 17. Qxf3 Bc5 18. Bxc5 1/2-1/2

[Event "SRB-ch 18th"]
[Site "Senta"]
[Date "2024.06.23"]
[Round "7"]
[White "Radovanovic, Nikola"]
[Black "Perunovic, Milos"]
[Result "1/2-1/2"]
[WhiteElo "2441"]
[BlackElo "2531"]
[PlyCount "60"]
[EventDate "2024.06.17"]
[EventType "tourn"]
[EventRounds "9"]
[EventCountry "SRB"]
[EventCategory "12"]
[SourceTitle "CBM 220 Extra"]
[Source "ChessBase"]
[SourceDate "2024.07.31"]
[SourceVersion "1"]
[SourceVersionDate "2024.07.31"]
[SourceQuality "1"]

1. e4 c5 2. Nf3 Nc6 3. d4 cxd4 4. Nxd4 e6 5. Nc3 d6 6. g4 Nge7 7. Be3 a6 8. f4 b5 9. Bg2 Bb7 10. 0-0 Nxd4 11. Qxd4 Rc8 12. Rad1 Qc7 13. Qd2 Ng6 14. Qf2 Be7 15. g5 b4 16. Ne2 0-0 17. f5 exf5 18. exf5 Ne5 19. f6 Ng4 20. Qg3 Bxg2 21. Kxg2 Nxe3+ 22. Qxe3 Bd8 23. fxg7 Qc6+ 24. Qf3 Qxf3+ 25. Kxf3 Kxg7 26. Rxd6 Rxc2 27. Rxa6 Rxb2 28. h4 f6 29. gxf6+ Bxf6 30. Nf4 Be5 1/2-1/2

[Event "SRB-ch 18th"]
[Site "Senta"]
[Date "2024.06.20"]
[Round "4"]
[White "Indjic, Aleksandar"]
[Black "Radovanovic, Nikola"]
[Result "1-0"]
[WhiteElo "2602"]
[BlackElo "2441"]
[PlyCount "85"]
[EventDate "2024.06.17"]
[EventType "tourn"]
[EventRounds "9"]
[EventCountry "SRB"]
[EventCategory "12"]
[SourceTitle "CBM 220 Extra"]
[Source "ChessBase"]
[SourceDate "2024.07.31"]
[SourceVersion "1"]
[SourceVersionDate "2024.07.31"]
[SourceQuality "1"]

1. d4 Nf6 2. c4 g6 3. Nc3 Bg7 4. e4 d6 5. Nf3 0-0 6. Bd3 Bg4 7. Be2 Nbd7 8. Be3 e5 9. d5 Nc5 10. h3 Bxf3 11. Bxf3 a5 12. g4 c6 13. g5 Ne8 14. h4 cxd5 15. cxd5 Qb6 16. Qc2 Nc7 17. Be2 a4 18. Kf1 Qb4 19. Rc1 a3 20. b3 N7a6 21. Kg2 f5 22. gxf6 Rxf6 23. f3 Raf8 24. Rh3 Qa5 25. Nb5 h5 26. Bd2 Nb4 27. Qd1 Nca6 28. Qe1 Kh7 29. Nxd6 Bh6 30. Nc4 Bxd2 31. Qxd2 Qc7 32. Nxa3 Qa5 33. Nc4 Qxa2 34. Qxa2 Nxa2 35. Ra1 Nc3 36. Bf1 Re8 37. Nd2 Nb4 38. Ra7 Kh6 39. f4 Nba2 40. fxe5 Rxe5 41. Rf3 Rxf3 42. Kxf3 b5 43. Ke3 1-0

[Event "Titled Tuesday intern op 21st May Early"]
[Site "Chess.com INT"]
[Date "2024.05.21"]
[Round "5"]
[White "Kobo, Ori"]
[Black "Radovanovic, Nikola"]
[Result "1/2-1/2"]
[WhiteElo "2531"]
[BlackElo "2450"]
[PlyCount "185"]
[EventDate "2024.05.21"]
[EventType "swiss (blitz)"]
[EventRounds "11"]
[EventCountry "USA"]
[SourceTitle "CBM 220 Extra"]
[Source "ChessBase"]
[SourceDate "2024.07.31"]
[SourceVersion "1"]
[SourceVersionDate "2024.07.31"]
[SourceQuality "1"]

1. d4 Nf6 2. c4 g6 3. Nc3 Bg7 4. Nf3 d6 5. h3 0-0 6. Bf4 Nfd7 7. e3 e5 8. Bh2 Nc6 9. Be2 f5 10. Rb1 Kh8 11. b4 a6 12. a4 exd4 13. exd4 a5 14. b5 Nb4 15. Bf4 Nb6 16. Qd2 Be6 17. d5 Bg8 18. 0-0 Qf6 19. Rbc1 Rfe8 20. Rfe1 Qf8 21. Be3 Nd7 22. Bf1 Nc5 23. Rb1 b6 24. Nd4 Qf6 25. Nde2 Ne4 26. Nxe4 Rxe4 27. Ng3 Ree8 28. Bg5 Qc3 29. Rec1 Qxd2 30. Bxd2 h6 31. Ne2 g5 32. Bc3 Na2 33. Bxg7+ Kxg7 34. Rc2 Nb4 35. Rd2 Re4 36. Nd4 Rae8 37. Nxf5+ Kf6 38. Ne3 h5 39. g3 R4e5 40. Bg2 Kg6 41. Bf3 Kh6 42. Kg2 Bh7 43. Rb3 Bg6 44. Kg1 R5e7 45. Rc3 Re5 46. Kg2 R5e7 47. Rc1 Re5 48. Rh1 Nd3 49. Rhd1 Nxf2 50. Kxf2 Rxe3 51. Re2 Rxe2+ 52. Bxe2 Bc2 53. Ra1 Re4 54. Ra3 Re5 55. Bf1 g4 56. hxg4 hxg4 57. Be2 Kg5 58. Ra2 Bb3 59. Ra3 Bc2 60. Ra2 Rf5+ 61. Ke3 Re5+ 62. Kd2 Be4 63. Ra1 Bf3 64. Bd3 Re8 65. Kc3 Kf6 66. Rf1 Rh8 67. Be4 Rh2 68. Bxf3 gxf3 69. Rxf3+ Ke5 70. Re3+ Kf5 71. Re7 Rg2 72. Rxc7 Rxg3+ 73. Kd4 Rg4+ 74. Kd3 Rg3+ 75. Ke2 Ke5 76. Rc6 Ra3 77. Rxb6 Rxa4 78. Rc6 Rb4 79. Kd3 a4 80. Kc3 Rb3+ 81. Kc2 Kd4 82. b6 Rb4 83. Rxd6 Kxc4 84. Rc6+ Kxd5 85. Rh6 Kc5 86. Rh5+ Kxb6 87. Rh6+ Ka5 88. Rh5+ Kb6 89. Rh6+ Ka5 90. Rh5+ Rb5 91. Rxb5+ Kxb5 92. Kb2 a3+ 93. Kxa3 1/2-1/2

[Event "Titled Tuesday intern op 21st May Early"]
[Site "Chess.com INT"]
[Date "2024.05.21"]
[Round "1"]
[White "Radovanovic, Nikola"]
[Black "Kaldarova, Ayaulym"]
[Result "1-0"]
[WhiteElo "2450"]
[BlackElo "2100"]
[PlyCount "59"]
[EventDate "2024.05.21"]
[EventType "swiss (blitz)"]
[EventRounds "11"]
[EventCountry "USA"]
[SourceTitle "CBM 220 Extra"]
[Source "ChessBase"]
[SourceDate "2024.07.31"]
[SourceVersion "1"]
[SourceVersionDate "2024.07.31"]
[SourceQuality "1"]

1. Nf3 Nf6 2. g3 b6 3. Bg2 Bb7 4. 0-0 c5 5. d3 d5 6. Nbd2 g6 7. Qe1 Bg7 8. e4 0-0 9. e5 Ne8 10. Qe2 Nc6 11. Re1 e6 12. h4 Nc7 13. c3 f6 14. exf6 Qxf6 15. Nf1 Rae8 16. N1h2 Qf7 17. Ng5 Qd7 18. h5 e5 19. hxg6 hxg6 20. Bh3 Qd6 21. Qg4 Qf6 22. Rf1 Ne6 23. Nxe6 Bc8 24. Nxg7 Bxg4 25. Nxe8 Rxe8 26. Nxg4 Qh8 27. Bg2 Ne7 28. Bg5 e4 29. dxe4 dxe4 30. Nf6+ 1-0

[Event "SRB-ch sf"]
[Site "Paracin"]
[Date "2024.02.07"]
[Round "4"]
[White "Tilicheev, Viacheslav"]
[Black "Radovanovic, Nikola"]
[Result "1/2-1/2"]
[WhiteElo "2487"]
[BlackElo "2429"]
[PlyCount "35"]
[EventDate "2024.02.05"]
[EventType "swiss"]
[EventRounds "9"]
[EventCountry "SRB"]
[SourceTitle "CBM 218 Extra"]
[Source "ChessBase"]
[SourceDate "2024.03.31"]
[SourceVersion "1"]
[SourceVersionDate "2024.03.31"]
[SourceQuality "1"]

1. d4 Nf6 2. c4 g6 3. Nc3 Bg7 4. e4 d6 5. h3 Nbd7 6. Be3 e5 7. d5 h5 8. Qd2 Nc5 9. f3 h4 10. Bg5 Bf8 11. b4 Ncd7 12. Bd3 Be7 13. Be3 a5 14. bxa5 c6 15. Nge2 Qxa5 16. 0-0 Nh5 17. f4 exf4 18. Nxf4 1/2-1/2